Statistics for Stanley Kubrick's Top 10 Films by IMDb Ratings

Click here to take the quiz!

General Stats

  • This quiz has been taken 51 times
  • The average score is 8 of 11

Answer Stats

RankYearMovieRating% Correct
11980The Shining8.4
98%
41971A Clockwork Orange8.3
96%
419682001: A Space Odyssey8.3
90%
41987Full Metal Jacket8.3
90%
101999Eyes Wide Shut7.5
85%
11964Dr. Strangelove or: How I Learned to Stop Worrying and Love the Bomb8.4
77%
71975Barry Lyndon8.1
69%
11957Paths of Glory8.4
69%
81960Spartacus7.9
69%
101962Lolita7.5
63%
81956The Killing7.9
44%

Score Distribution

Percentile by Number Answered

Percent of People with Each Score

Your Score History

You have not taken this quiz